| 000 | 00351cam a2200145ua 4500 | ||
|---|---|---|---|
| 041 |
_aeng _h |
||
| 082 |
_a828.09 _bFLE/WA |
||
| 100 | _aFletcher, Iain . | ||
| 245 |
_aWalter Pater / _cIain Fletcher. _hTextual Documents |
||
| 260 |
_aLondon : _bLongman Green and Co , _c1959. |
||
| 300 | _a44 ; . | ||
| 504 | _a | ||
| 942 | _cBK | ||
| 999 |
_c6794 _d6794 |
||